Дело о службе актера русской оперной труппы Петра Гумбина

RUSMARC
00005650cbc2a2200000#x 450
0019f651e72-ddda-4a4f-9f76-d2e41a46939c
00520200113113901.0
100##$a20170630l18481880k l0rusy0189 ca
1010#$arus
102##$aRU
2001#$aДело о службе актера русской оперной труппы Петра Гумбина
$j26 марта 1848 г. - 4 августа 1880 г.
251##$cДело
300##$aПо Санкт-Петербургской дирекции за 1848 год
300##$aЗаголовок дела также: Дело о службе состоявшего при санкт-петербургских театрах, уволенного с получением пенсиона, актера русской оперной труппы Петра Гумбина
300##$aРукописный текст. Чернила
801#0$aRU
$bРГИА
$c20170630
801#1$aRU
$bГлавНИВЦ
$c20170630
$2rusmarc
801#2$aRU
$bПБ им. Б.Н. Ельцина
$c20181227
$gRCR
$2rusmarc
850##$aФедеральное казенное учреждение "Российский государственный исторический архив" (РГИА)
852##$aРГИА
$j11572
937##$hРГИА
$d12247773
$aASBIBLIO_SCAN
462#0$1001dd3991dc-24e1-42ec-8838-ca4255420416
$12001
$a1746-1850 гг.
$vД. 11572
$1251
$cОпись
$1852
$j1
461#0$10019264ebf8-de62-4f1a-9eb4-9f22098dbbd5
$12001
$aДирекция императорских театров МИДв
$1251
$cФонд
$1852
$j497
215##$a88 листов
$d36,5х26 см
371##$aДокумент не является опубликованным и широко распространяемым
105##$ay###
1222#$ad18480326##
$ad18800804##
035##$a9f651e72-ddda-4a4f-9f76-d2e41a46939c
856##$uhttp://readingroom.main.prlib.ru/item.aspx?id_node=n122518524&mode=full
5171#$aДело о службе состоявшего при санкт-петербургских театрах, уволенного с получением пенсиона, актера русской оперной труппы Петра Гумбина
600#1$2prlib_sh
$3LIBNET\UAF\0000087021
$aГумбин
$bП.И.
$gПётр Иванович
$f1811-1879
$jДокументы и материалы
60101$2prlib_sh
$3LIBNET\UAF\0000083361
$aРоссия
$bДирекция императорских театров
$bПетербургская контора
$jДокументы и материалы
686##$2rubbk
$a63.3(2)52-7
$vLBC/M
686##$a85.335.41
$vLBC/M
$2rubbk
605##$2acquisition_Prlib
$3LIBNET\UAF\0000080478
$aГод театра в России
$lколлекция
605##$2acquisition_Prlib
$3DITM\AF\0000004166
$aРоссия в лицах
$lколлекция
Формат отображения